[Event "26e tournoi 1hKO"]
[Site "Montigny le Bretonneux"]
[Date "2024.05.12"]
[Round "8.2"]
[White "El Farihi, Mohsine"]
[Black "Forissier, Nicolas"]
[Result "1-0"]
[WhiteElo "2073"]
[BlackElo "1931"]
[Annotator "Rivier,Sylvain"]
[PlyCount "51"]
[EventDate "2024.??.??"]
[WhiteTeam "Gambit Roi de Carrieres sur Seine"]
[BlackTeam "La Dame Noire"]

{Défense est-indienne} 1. d4 Nf6 2. Nf3 g6 3. e3 d5 4. Be2 Bg7 5. O-O O-O 6.
b3 b6 7. Bb2 Bb7 8. c4 Nbd7 9. Nc3 c5 10. dxc5 Nxc5 11. Qc2 dxc4 12. Bxc4 Qc8
13. Nd4 e5 14. Nde2 Qc6 15. f3 e4 16. Nd4 Qc7 17. f4 Ng4 18. Qe2 Qd7 19. f5
Nxe3 20. f6 Nxf1 21. fxg7 Qxd4+ 22. Kxf1 Rfe8 23. Nd5 Qxd5 24. Bxd5 Bxd5 25. h4
Bb7 26. Kg1 {suite illisible} 1-0

[Event "26e tournoi 1hKO"]
[Site "Montigny le Bretonneux"]
[Date "2024.05.12"]
[Round "8.3"]
[White "Nosperger, Mael"]
[Black "Appavou, Calixte"]
[Result "1/2-1/2"]
[WhiteElo "1727"]
[BlackElo "1787"]
[Annotator "Rivier,Sylvain"]
[PlyCount "71"]
[EventDate "2024.??.??"]
[WhiteTeam "Palamede Echecs"]
[BlackTeam "Saint-Quentin en Yvelines"]

{Gambit dame, défense slave} 1. d4 d5 2. c4 c6 3. Nc3 Nf6 4. Nf3 Qb6 5. c5 Qc7
6. Bg5 Nbd7 7. e3 g6 8. Bd3 Bg7 9. O-O O-O 10. Bf4 Qd8 11. h3 Nh5 12. Bh2 f5
13. Ne2 Re8 14. Ne5 Nhf6 15. f4 Ne4 16. Bxe4 fxe4 17. b4 a6 18. a4 Nxe5 19.
dxe5 Bd7 20. Nd4 e6 21. Qb3 b6 22. Rfc1 Rb8 23. Qc3 Bf8 24. Nb3 Rb7 25. Bg3 Qc7
26. Be1 Reb8 27. Rab1 bxc5 28. Nxc5 Bxc5 29. Qxc5 Qb6 30. Qxb6 Rxb6 31. Rc5 Kf7
32. Kf2 h6 33. Bc3 R6b7 34. Bd2 g5 35. g3 Kg6 36. Rg1 1/2-1/2

[Event "26e tournoi 1hKO"]
[Site "Montigny le Bretonneux"]
[Date "2024.05.12"]
[Round "8.4"]
[White "Chevrier, Denis"]
[Black "Baysse, Nathan"]
[Result "1-0"]
[WhiteElo "1738"]
[BlackElo "1601"]
[Annotator "Rivier,Sylvain"]
[PlyCount "140"]
[EventDate "2024.??.??"]
[WhiteTeam "Club d'Echecs de l'Arpajonnais"]
[BlackTeam "La Dame Noire"]

{Ouverture anglaise, variante sicilienne inversée} 1. c4 e5 2. Nc3 Nf6 3. g3
Bc5 4. e3 Nc6 5. Nge2 d6 6. Bg2 O-O 7. d4 exd4 8. exd4 Bb6 9. O-O h6 10. a3 Bg4
11. Be3 a6 12. Qc2 Re8 13. b4 Ne7 14. Bxb7 Ra7 15. Bg2 c6 16. c5 Bc7 17. Rfe1
d5 18. Nf4 Bf5 19. Qd2 Bh7 20. Nd3 Nf5 21. Bf4 Rxe1+ 22. Rxe1 Nxd4 23. Bxc7
Rxc7 24. Nc1 Nc2 25. Re2 Nxa3 26. Qa2 Nb5 27. Nxb5 axb5 28. Nb3 Be4 29. Nd4 Qd7
30. Qb2 Ra7 31. Nb3 Ra3 32. Na5 Rd3 33. Qc1 Bxg2 34. Kxg2 Rd4 35. Qc3 Re4 36.
Rd2 Ne8 37. f3 Re6 38. Qd4 Qe7 39. Kf2 Qf6 40. Qxf6 Rxf6 41. Re2 Kf8 42. Nb3
Nc7 43. Ra2 Ke7 44. Ra7 Kd8 45. Nd4 Kc8 46. g4 Kb8 47. Ra3 g6 48. h4 h5 49. g5
Rf4 50. Nxc6+ Kb7 51. Kg3 Rf5 52. Nd4 Re5 53. Ra5 Re1 54. Nxb5 Nxb5 55. Rxb5+
Kc7 56. Rb6 Rd1 57. Rf6 Rd4 58. b5 Rc4 59. Rxf7+ Kc8 60. c6 Rc5 61. Rf6 Rxb5
62. Rxg6 Kc7 63. Rf6 d4 64. Kf2 d3 65. Ke3 Rd5 66. Kd2 Rd8 67. f4 Kb6 68. f5
Kc5 69. g6 Kc4 70. c7 Re8 1-0

[Event "26e tournoi 1hKO"]
[Site "Montigny le Bretonneux"]
[Date "2024.05.12"]
[Round "8.5"]
[White "Pelletier, Sylvain"]
[Black "Neveu, Raphael"]
[Result "0-1"]
[WhiteElo "1598"]
[BlackElo "1626"]
[Annotator "Rivier,Sylvain"]
[PlyCount "68"]
[EventDate "2024.??.??"]
[WhiteTeam "Club d'Echecs de Guyancourt"]
[BlackTeam "La Dame Noire"]

{Défense des deux cavaliers} 1. e4 e5 2. Nf3 Nc6 3. d4 exd4 4. Bc4 Nf6 5. e5
d5 6. Bb5 Ne4 7. Nxd4 Bc5 8. O-O Bd7 9. Bxc6 bxc6 10. Be3 Qe7 11. f3 Ng5 12. f4
Ne4 13. Qe1 O-O 14. Nd2 Nxd2 15. Qxd2 Rab8 16. c3 Rfd8 17. b4 Bb6 18. Nf3 c5
19. a3 Bg4 20. Rad1 d4 21. cxd4 cxd4 22. Bf2 Bxf3 23. gxf3 Rd7 24. Qd3 Rbd8 25.
Kh1 c5 26. bxc5 Qxc5 27. Rc1 Qd5 28. Rg1 Ba5 29. Rg4 Bc3 30. Rcg1 Ba5 31. Rd1
Bc3 32. Rf1 Qa2 33. Bh4 Rc8 34. Qb5 Rdc7 {suite illisible} 0-1

[Event "26e tournoi 1hKO"]
[Site "Montigny le Bretonneux"]
[Date "2024.05.12"]
[Round "8.6"]
[White "Bordier, Hugo"]
[Black "Couradin, Bruno"]
[Result "1-0"]
[WhiteElo "1693"]
[BlackElo "1579"]
[Annotator "Rivier,Sylvain"]
[PlyCount "49"]
[EventDate "2024.??.??"]
[WhiteTeam "Echiquier de la Butte"]
[BlackTeam "La Dame Noire"]

{Partie italienne} 1. e4 e5 2. Nf3 Nc6 3. Bc4 h6 4. O-O Nf6 5. d4 exd4 6. e5
Nh7 7. Nxd4 Bc5 8. Nf5 O-O 9. Qg4 g5 10. Nxh6+ Kg7 11. Nf5+ Kh8 12. Qh5 d5 13.
Bd3 Nxe5 14. Nh6 Nxd3 15. Nxf7+ Rxf7 16. Qxf7 Ne5 17. Qh5 Qf6 18. Qe8+ Kg7 19.
Nc3 c6 20. Be3 d4 21. Ne4 Qe7 22. Qxe7+ Bxe7 23. Bxd4 Bf6 24. Nxf6 Nxf6 25.
Rfe1 1-0

[Event "26e tournoi 1hKO"]
[Site "Montigny le Bretonneux"]
[Date "2024.05.12"]
[Round "8.7"]
[White "Branson, James"]
[Black "Lim, Chin"]
[Result "0-1"]
[WhiteElo "1680"]
[BlackElo "1914"]
[Annotator "Rivier,Sylvain"]
[PlyCount "70"]
[EventDate "2024.??.??"]
[WhiteTeam "Club d'Echecs de Guyancourt"]
[BlackTeam "La Dame Noire"]

{Défense Pirc} 1. e4 d6 2. d4 Nf6 3. Nc3 g6 4. Bf4 Bg7 5. Qd2 c6 6. Bh6 Bxh6
7. Qxh6 Qa5 8. Qd2 b5 9. Bd3 Nbd7 10. Nf3 Nb6 11. b3 Bg4 12. Nb1 b4 13. Qf4
Bxf3 14. Qxf3 Nbd7 15. Nd2 d5 16. e5 Nh5 17. g4 Ng7 18. h4 h5 19. Ke2 Qb6 20.
gxh5 Rxh5 21. Qg4 Nf8 22. Nf3 c5 23. Rab1 cxd4 24. Nxd4 Rxe5+ 25. Kf3 Nh5 26.
Bb5+ Nd7 27. Bxd7+ Kf8 28. Rbe1 Qf6+ 29. Kg2 Nf4+ 30. Kh2 Rxe1 31. Rxe1 Qxd4
32. Re3 Kg7 33. h5 Rh8 34. Kg1 Rxh5 35. Qf3 Qa1+ 0-1

[Event "26e tournoi 1hKO"]
[Site "Montigny le Bretonneux"]
[Date "2024.05.12"]
[Round "8.8"]
[White "Couradin, Jean-Marie"]
[Black "El Ghak, Karim"]
[Result "1-0"]
[WhiteElo "1679"]
[BlackElo "1199"]
[Annotator "Rivier,Sylvain"]
[PlyCount "76"]
[EventDate "2024.??.??"]
[WhiteTeam "La Dame Noire"]
[BlackTeam "La Dame Noire"]

{Partie du pion dame} 1. d4 d5 2. Nf3 Nf6 3. Bf4 c5 4. e3 Nc6 5. c3 Qb6 6. Qc1
Bf5 7. Nbd2 e6 8. Ne5 Rc8 9. Ndf3 h6 10. h3 Be7 11. Nxc6 Qxc6 12. Ne5 Qb6 13.
Be2 O-O 14. g4 Be4 15. f3 Bh7 16. h4 Qd8 17. Bg3 Nd7 18. Nxd7 Qxd7 19. Qd2 cxd4
20. exd4 Bd6 21. Kf2 Bxg3+ 22. Kxg3 Qd6+ 23. Qf4 Qxf4+ 24. Kxf4 a6 25. a4 Bc2
26. Bd1 Bxd1 27. Rhxd1 a5 28. Ra3 Rc4 29. Rda1 Rc6 30. Rb3 b6 31. Rb5 Rd8 32.
Ra3 g6 33. g5 Kg7 34. Ke5 hxg5 35. hxg5 Rh8 36. Rab3 Rh5 37. Kf4 Rh4+ 38. Kg3 {
suite illisible} Rh5 1-0

[Event "26e tournoi 1hKO"]
[Site "Montigny le Bretonneux"]
[Date "2024.05.12"]
[Round "8.9"]
[White "El Yaalaoui, Adam"]
[Black "Fasquelle, Yann"]
[Result "1-0"]
[WhiteElo "1558"]
[BlackElo "1569"]
[Annotator "Rivier,Sylvain"]
[PlyCount "62"]
[EventDate "2024.??.??"]
[WhiteTeam "Club d'Echecs de Guyancourt"]
[BlackTeam "Saint-Quentin en Yvelines"]

{Défense sicilienne} 1. e4 c5 2. Nf3 d6 3. c3 Nf6 4. Be2 g6 5. e5 Nfd7 6. exd6
exd6 7. d4 cxd4 8. Nxd4 Bg7 9. Bf4 Ne5 10. Nd2 O-O 11. O-O h5 12. N2f3 Qb6 13.
Qd2 Nbc6 14. Rad1 Bg4 15. b4 Rac8 16. Be3 Qd8 17. Bh6 Bxf3 18. Nxf3 Nxf3+ 19.
Bxf3 Ne5 20. Bxb7 Bxh6 21. Qxh6 Rxc3 22. Qd2 Rd3 23. Qc2 Qb6 24. Rxd3 Nxd3 25.
Qxd3 Qxb7 26. Qxd6 Rb8 27. Rb1 Qe4 28. Qxb8+ Kg7 29. Rf1 Qc4 30. Qxa7 Qxb4 31.
a4 Qf8 1-0

[Event "26e tournoi 1hKO"]
[Site "Montigny le Bretonneux"]
[Date "2024.05.12"]
[Round "8.10"]
[White "Corbillet, Mathieu"]
[Black "Goujon, Antoine"]
[Result "1/2-1/2"]
[WhiteElo "1699"]
[BlackElo "1762"]
[Annotator "Rivier,Sylvain"]
[PlyCount "70"]
[EventDate "2024.??.??"]
[WhiteTeam "La Dame Noire"]
[BlackTeam "CE Le Roi Soleil - Le Chesnay - Versailles"]

{Défense sicilienne, variante Rossolimo} 1. e4 c5 2. Nf3 g6 3. Nc3 Bg7 4. Bc4
Nc6 5. d3 e6 6. O-O Nge7 7. Bf4 d5 8. exd5 exd5 9. Bb5 O-O 10. Bxc6 Nxc6 11.
Qd2 Bg4 12. Rfe1 Bxf3 13. gxf3 Nd4 14. Re3 Nxc2 15. Qxc2 d4 16. Re4 dxc3 17.
bxc3 Qd5 18. Rae1 Rad8 19. R1e3 Rd7 20. Kg2 f5 21. Re8 Rxe8 22. Rxe8+ Kf7 23.
Re3 Bf6 24. d4 cxd4 25. cxd4 Qxd4 26. Qc8 Re7 27. Rxe7+ Bxe7 28. Be3 Qa4 29.
Qxb7 Qxa2 30. Bc5 Qe6 31. Qxa7 Kf6 32. Bd4+ Kf7 33. Qb8 Qd6 34. Qh8 h5 35. Qg7+
Ke8 1/2-1/2

[Event "26e tournoi 1hKO"]
[Site "Montigny le Bretonneux"]
[Date "2024.05.12"]
[Round "8.11"]
[White "Corbeau, Lou"]
[Black "Ruiz, Alexandra"]
[Result "1-0"]
[WhiteElo "1445"]
[BlackElo "1518"]
[Annotator "Rivier,Sylvain"]
[PlyCount "75"]
[EventDate "2024.??.??"]
[WhiteTeam "Nogent le Roi"]
[BlackTeam "Club d'Echecs du Vesinet"]

{Défense Grünfeld} 1. d4 Nf6 2. c4 g6 3. Nc3 d5 4. Nf3 Bg7 5. Bf4 O-O 6. e3
Be6 7. Qb3 Nc6 8. Be2 Na5 9. Qb4 Nxc4 10. b3 Nd6 11. Bxd6 Qxd6 12. Qxb7 Rfb8
13. Qa6 Qxa6 14. Bxa6 Bc8 15. Nb5 Bxa6 16. Nxc7 Bb7 17. Nxa8 Rxa8 18. O-O Ne4
19. Rac1 Rc8 20. Rxc8+ Bxc8 21. Rc1 Nd6 22. Rc7 Kf8 23. Rxa7 h6 24. a4 Ke8 25.
a5 Nb5 26. Ra8 Kd7 27. Rb8 Ba6 28. Rb6 Nc7 29. b4 Bb5 30. Nd2 e5 31. Nb3 Bf8
32. Nc5+ Bxc5 33. dxc5 Bc6 34. a6 d4 35. a7 d3 36. Kf1 Na8 37. b5 Nxb6 38.
bxc6+ 1-0

[Event "26e tournoi 1hKO"]
[Site "Montigny le Bretonneux"]
[Date "2024.05.12"]
[Round "8.12"]
[White "Tanchoux, Pierre"]
[Black "Guerillon, Sylvain"]
[Result "0-1"]
[WhiteElo "1547"]
[BlackElo "1687"]
[Annotator "Rivier,Sylvain"]
[PlyCount "88"]
[EventDate "2024.??.??"]
[WhiteTeam "La Dame Noire"]
[BlackTeam "Club d'Echecs de Triel sur Seine"]

{Début Reti, système Barcza} 1. Nf3 d5 2. g3 Nf6 3. Bg2 c6 4. O-O Bf5 5. d3
Nbd7 6. Nbd2 e6 7. Re1 h6 8. e4 dxe4 9. dxe4 Bh7 10. e5 Nd5 11. c3 Bc5 12. Ne4
Bxe4 13. Rxe4 Qb6 14. Nd4 O-O-O 15. Qf3 Rdf8 16. a4 f5 17. exf6 Rxf6 18. Qd3 e5
19. a5 Qc7 20. b4 exd4 21. bxc5 Nxc5 22. Qxd4 Nxe4 23. Bxe4 Rhf8 24. Ra2 g5 25.
Bxd5 cxd5 26. Qxa7 Qxc3 27. Be3 Ra6 28. Qc5+ Qxc5 29. Bxc5 Rff6 30. Rc2 Kd7 31.
Bb6 Raxb6 32. axb6 Rxb6 33. f3 Kd6 34. Kf2 d4 35. Rd2 Kd5 36. h3 Re6 37. h4 Kc4
38. hxg5 hxg5 39. g4 Kc3 40. Re2 Rxe2+ 41. Kxe2 Kc2 42. f4 d3+ 43. Ke3 gxf4+
44. Kxf4 d2 0-1

[Event "26e tournoi 1hKO"]
[Site "Montigny le Bretonneux"]
[Date "2024.05.12"]
[Round "8.13"]
[White "Ancey, Remi"]
[Black "Alluch Abdellach, Nordin"]
[Result "0-1"]
[WhiteElo "1483"]
[BlackElo "1638"]
[Annotator "Rivier,Sylvain"]
[PlyCount "61"]
[EventDate "2024.??.??"]
[WhiteTeam "Club d'Echecs de Triel sur Seine"]
[BlackTeam "Saint-Quentin en Yvelines"]

{Défense sicilienne} 1. e4 c5 2. Nc3 d6 3. Nf3 a6 4. d4 cxd4 5. Nxd4 e6 6. Nf3
Nf6 7. Bd3 Nc6 8. O-O Be7 9. Re1 O-O 10. Be3 Qc7 11. Qd2 b5 12. a3 Bb7 13. Ng5
Rad8 14. Qc1 Ne5 15. Be2 h6 16. Nf3 Neg4 17. h3 Nxe3 18. Qxe3 Nd7 19. Rab1 Bf6
20. Na2 Ne5 21. Rec1 Ng6 22. b3 Ne5 23. a4 Nxf3+ 24. Qxf3 bxa4 25. bxa4 Qc8 26.
c3 Qa8 27. Rb4 d5 28. Bd3 a5 29. Rb5 dxe4 30. Bxe4 Bxe4 31. Qe2 {suite
illisible} 0-1

[Event "26e tournoi 1hKO"]
[Site "Montigny le Bretonneux"]
[Date "2024.05.12"]
[Round "8.14"]
[White "Badjate, Nishchal"]
[Black "Spinos, Steven"]
[Result "0-1"]
[WhiteElo "1199"]
[BlackElo "1573"]
[Annotator "Rivier,Sylvain"]
[PlyCount "78"]
[EventDate "2024.??.??"]
[WhiteTeam "La Dame Noire"]
[BlackTeam "La Tour de Mantes"]

{Début Reti, système Barcza} 1. Nf3 d5 2. g3 Nf6 3. Bg2 c6 4. O-O Bf5 5. d3
h6 6. Re1 e6 7. Nbd2 Nbd7 8. b3 Bd6 9. Bb2 O-O 10. e4 dxe4 11. dxe4 Bg4 12. Qc1
e5 13. h4 Qc7 14. Nc4 Rfe8 15. Rd1 Bc5 16. Ne3 Rad8 17. Nf5 Bxf5 18. exf5 Ng4
19. Rf1 Qb6 20. Qd2 Ndf6 21. Qe2 e4 22. Ng5 Nxf2 23. Rxf2 hxg5 24. hxg5 Ng4 25.
Kh1 Nxf2+ 26. Kh2 Be3 27. g6 Qc5 28. gxf7+ Kxf7 29. Qh5+ Kg8 30. Qg6 Bd4 31. f6
Rd7 32. Qxe8+ Qf8 33. Qe6+ Qf7 34. Qxf7+ Kxf7 35. Bxd4 Rxd4 36. fxg7 Kxg7 37.
c3 Rd6 38. Re1 Re6 39. Kg1 e3 0-1

[Event "26e tournoi 1hKO"]
[Site "Montigny le Bretonneux"]
[Date "2024.05.12"]
[Round "8.15"]
[White "Bouloc, Roger"]
[Black "Meddour, Ithri"]
[Result "0-1"]
[WhiteElo "1567"]
[BlackElo "1563"]
[Annotator "Rivier,Sylvain"]
[PlyCount "62"]
[EventDate "2024.??.??"]
[WhiteTeam "La Dame Noire"]
[BlackTeam "Saint-Quentin en Yvelines"]

{Défense Petroff} 1. e4 e5 2. Nf3 Nf6 3. Nxe5 d6 4. Nf3 Nxe4 5. d4 Qe7 6. Qe2
Nf6 7. Bg5 Bg4 8. Nbd2 Nbd7 9. Qxe7+ Bxe7 10. g3 h6 11. Bxf6 Nxf6 12. Bg2 Bxf3
13. Bxf3 O-O 14. O-O Rfe8 15. b3 c6 16. c4 Rad8 17. a4 d5 18. c5 b6 19. b4 Bf8
20. Nb3 Ne4 21. Bxe4 Rxe4 22. Rfe1 Rde8 23. Kf1 f5 24. f3 Re3 25. Kf2 R3e7 26.
Rxe7 Bxe7 27. Re1 Kf7 28. f4 g5 29. b5 cxb5 30. axb5 gxf4 31. gxf4 Bh4+ 0-1

[Event "26e tournoi 1hKO"]
[Site "Montigny le Bretonneux"]
[Date "2024.05.12"]
[Round "8.16"]
[White "Carbonero, Jean Marc"]
[Black "El Yaalaoui, Asiya"]
[Result "1-0"]
[WhiteElo "1299"]
[BlackElo "1099"]
[Annotator "Rivier,Sylvain"]
[PlyCount "70"]
[EventDate "2024.??.??"]
[WhiteTeam "Saint-Quentin en Yvelines"]
[BlackTeam "Club d'Echecs de Guyancourt"]

{Partie espagnole, défense berlinoise} 1. e4 e5 2. Nf3 Nc6 3. Bb5 Bc5 4. O-O
Nf6 5. d3 O-O 6. a3 d6 7. b4 Bd4 8. Nxd4 Nxd4 9. Bc4 Bg4 10. Qd2 Be2 11. Re1
Bh5 12. c3 Ne6 13. d4 Bg6 14. d5 Ng5 15. Qxg5 Nxe4 16. Qxd8 Raxd8 17. f3 Nf6
18. Bg5 Rb8 19. Bxf6 gxf6 20. Be2 c6 21. dxc6 bxc6 22. Nd2 Ra8 23. Nc4 d5 24.
Nb2 d4 25. Bd3 Bxd3 26. Nxd3 dxc3 27. Rac1 Rfd8 28. Nc5 a5 29. Rxc3 axb4 30.
axb4 Ra2 31. Ne4 f5 32. Nf6+ Kg7 33. Nh5+ Kg6 34. Ng3 f4 35. Rxc6+ f6 {suite
illisible} 1-0

[Event "26e tournoi 1hKO"]
[Site "Montigny le Bretonneux"]
[Date "2024.05.12"]
[Round "8.17"]
[White "Orfila, Leila"]
[Black "Elie, Nicolas"]
[Result "0-1"]
[WhiteElo "1009"]
[BlackElo "1009"]
[Annotator "Rivier,Sylvain"]
[PlyCount "36"]
[EventDate "2024.??.??"]
[WhiteTeam "Club d'Echecs de Guyancourt"]
[BlackTeam "Club d'Echecs de Guyancourt"]

{Partie italienne} 1. e4 e5 2. Nf3 Nc6 3. Bc4 Bc5 4. O-O Nf6 5. Nc3 O-O 6. d3
d6 7. Bg5 Be6 8. Bxe6 fxe6 9. Bc1 Qe8 10. b3 Qh5 11. Bb2 Rad8 12. Nb5 Ng4 13.
d4 Rxf3 14. h3 Rxh3 15. gxh3 Qxh3 16. Re1 Rf8 17. Re2 Qh2+ 18. Kf1 Qh1# 0-1

[Event "26e tournoi 1hKO"]
[Site "Montigny le Bretonneux"]
[Date "2024.05.12"]
[Round "8.18"]
[White "Orfila, Hugo"]
[Black "Adsul, Tanush"]
[Result "0-1"]
[WhiteElo "1009"]
[BlackElo "1199"]
[Annotator "Rivier,Sylvain"]
[PlyCount "116"]
[EventDate "2024.??.??"]
[WhiteTeam "Club d'Echecs de Guyancourt"]
[BlackTeam "La Dame Noire"]

{Défense Pirc, variante classique} 1. e4 d6 2. d4 Nf6 3. Nc3 g6 4. Nf3 Bg7 5.
Bc4 O-O 6. O-O Bg4 7. d5 c6 8. Re1 Re8 9. h3 cxd5 10. exd5 Bf5 11. b3 Qa5 12.
Bb2 Ne4 13. Nxe4 Bxb2 14. Rb1 Qxa2 15. Ng3 Bc3 16. Re3 Bxc2 17. Qf1 Bxb1 18.
Rxc3 Rc8 19. Re3 e5 20. Re2 Nd7 21. Rxa2 Bxa2 22. Qa1 Bxb3 23. Bxb3 Nc5 24. Ba4
Nd3 25. Qa3 Nf4 26. Qxd6 Rc1+ 27. Nf1 Ne2+ 28. Kh2 Rxf1 29. Nxe5 Rxf2 30. Qe7
Nf4 31. Qxf7+ Kh8 32. d6 Rxg2+ 33. Kh1 Ra2 34. Qxf4 Rc8 35. Nf7+ Kg7 36. Qf1
Rxa4 37. Qd1 Rac4 38. Kg2 Rc2+ 39. Kg3 R8c3+ 40. Kf4 Rf2+ 41. Ke5 Rf5+ 42. Ke6
Re3+ 43. Kd7 Rxf7+ 44. Kd8 Rf8+ 45. Kd7 Kf7 46. Qf1+ Kg8 47. Qc4+ Rf7+ 48. Kd8
Kf8 49. d7 Ree7 50. Qb4 a5 51. Qa3 h5 52. Kc7 g5 53. Kxb7 Kg8 54. Qxe7 Rxe7 55.
Kc8 Rxd7 56. Kxd7 a4 57. Kc6 a3 58. Kb5 a2 0-1

[Event "26e tournoi 1hKO"]
[Site "Montigny le Bretonneux"]
[Date "2024.05.12"]
[Round "8.19"]
[White "Hellal, Ayoub"]
[Black "Zoubko, Kyril"]
[Result "0-1"]
[WhiteElo "1009"]
[BlackElo "1199"]
[Annotator "Rivier,Sylvain"]
[PlyCount "61"]
[EventDate "2024.??.??"]
[WhiteTeam "La Dame Noire"]
[BlackTeam "La Dame Noire"]

{Défense des deux cavaliers} 1. e4 e5 2. Nf3 Nc6 3. Nc3 Nf6 4. Bc4 d6 5. O-O
Be7 6. d3 O-O 7. Ng5 d5 8. exd5 Nxd5 9. Bxd5 Bxg5 10. Bxg5 Qxg5 11. Ne4 Qg6 12.
Qd2 h6 13. Bxc6 Qxc6 14. c4 b6 15. Nc3 Bb7 16. Nd5 Rae8 17. Qb4 Qg6 18. g3 c5
19. Qb5 Qxd3 20. Rad1 Qf3 21. Rfe1 Rd8 22. Re3 Qxd1+ 23. Kg2 Bxd5+ 24. cxd5
Qxd5+ 25. Rf3 Qxa2 26. Ra3 Qd5+ 27. Kh3 Qd7+ 28. Qxd7 Rxd7 29. Kg2 a5 30. Rb3
Rb8 31. Kf3 {suite illisible} 0-1

[Event "26e tournoi 1hKO"]
[Site "Montigny le Bretonneux"]
[Date "2024.05.12"]
[Round "8.20"]
[White "Gabory, Clement"]
[Black "Gabory, Donatien"]
[Result "0-1"]
[WhiteElo "1009"]
[BlackElo "1009"]
[Annotator "Rivier,Sylvain"]
[PlyCount "72"]
[EventDate "2024.??.??"]
[WhiteTeam "Club d'Echecs de Guyancourt"]
[BlackTeam "Club d'Echecs de Guyancourt"]

{Partie italienne} 1. e4 e5 2. Nf3 Nc6 3. Bc4 Bc5 4. O-O Nf6 5. Nc3 d6 6. d3
O-O 7. Be3 Bxe3 8. fxe3 Bg4 9. Qd2 Bxf3 10. Rxf3 Ng4 11. Raf1 Qh4 12. R1f2
Qxh2+ 13. Kf1 Qh1+ 14. Ke2 Qh5 15. Rf1 Nh2 16. Ke1 Nxf1 17. Rxf1 Qh4+ 18. Kd1
a6 19. Kc1 b5 20. Bb3 Na5 21. Kb1 Nxb3 22. axb3 c6 23. Rc1 b4 24. Na2 c5 25. d4
Qxe4 26. dxc5 dxc5 27. Qd7 Qxe3 28. g4 Rad8 29. Qa7 Qe2 30. g5 Rd1 31. Nc3
Rxc1+ 32. Kxc1 bxc3 33. Kb1 Qd1+ 34. Ka2 Qxc2 35. Ka3 Qxb2+ 36. Ka4 Qa2# 0-1

[Event "26e tournoi 1hKO"]
[Site "Montigny le Bretonneux"]
[Date "2024.05.12"]
[Round "9.1"]
[White "Neveu, Raphael"]
[Black "El Farihi, Mohsine"]
[Result "0-1"]
[WhiteElo "1626"]
[BlackElo "2073"]
[Annotator "Rivier,Sylvain"]
[PlyCount "77"]
[EventDate "2024.??.??"]
[WhiteTeam "La Dame Noire"]
[BlackTeam "Gambit Roi de Carrieres sur Seine"]

{Partie italienne} 1. e4 e5 2. Nf3 Nc6 3. Bc4 d6 4. d4 exd4 5. Nxd4 Ne5 6. Bb3
Nf6 7. h3 Be7 8. Nc3 a6 9. a4 O-O 10. O-O Bd7 11. Re1 Rb8 12. Bf4 b5 13. axb5
axb5 14. Bxe5 dxe5 15. Nf3 Bd6 16. Qc1 c5 17. Bd5 b4 18. Ne2 Nxd5 19. exd5 c4
20. Ng3 Re8 21. Qg5 f6 22. Qd2 f5 23. c3 bxc3 24. bxc3 Qf6 25. Qg5 Qxg5 26.
Nxg5 e4 27. h4 Rb2 28. Re2 Rb3 29. Rc2 h6 30. Nh3 f4 31. Ne2 Bxh3 32. gxh3 Reb8
33. Rcc1 Rb2 34. Kf1 Rd2 35. Rd1 Rbb2 36. Rxd2 Rxd2 37. Ra8+ Kf7 38. Ra7+ Kf6
39. Ra5 {suite illisible} 0-1

[Event "26e tournoi 1hKO"]
[Site "Montigny le Bretonneux"]
[Date "2024.05.12"]
[Round "9.2"]
[White "Briquet, Jean-Pierre"]
[Black "Appavou, Calixte"]
[Result "1-0"]
[WhiteElo "1981"]
[BlackElo "1787"]
[Annotator "Rivier,Sylvain"]
[PlyCount "47"]
[EventDate "2024.??.??"]
[WhiteTeam "Palamede Echecs"]
[BlackTeam "Saint-Quentin en Yvelines"]

{Gambit dame} 1. d4 d5 2. Nf3 Nf6 3. c4 c6 4. Nc3 e6 5. Bg5 Be7 6. e3 Qb6 7.
Qc2 Nbd7 8. cxd5 exd5 9. Bd3 h6 10. Bh4 Nf8 11. Ne5 Be6 12. f4 Rd8 13. O-O-O
Ng4 14. Bxe7 Kxe7 15. Qe2 Nxe5 16. dxe5 Ng6 17. g4 d4 18. exd4 Rxd4 19. f5 Bd5
20. Nxd5+ Rxd5 21. e6 fxe6 22. fxe6 Qc5+ 23. Kb1 Re5 24. Qd2 {suite illisible}
1-0

[Event "26e tournoi 1hKO"]
[Site "Montigny le Bretonneux"]
[Date "2024.05.12"]
[Round "9.3"]
[White "Briquet, Tom"]
[Black "Nosperger, Mael"]
[Result "1/2-1/2"]
[WhiteElo "1901"]
[BlackElo "1727"]
[Annotator "Rivier,Sylvain"]
[PlyCount "38"]
[EventDate "2024.??.??"]
[WhiteTeam "Palamede Echecs"]
[BlackTeam "Palamede Echecs"]

{Défense scandinave} 1. e4 d5 2. exd5 Nf6 3. d4 Qxd5 4. Nc3 Qa5 5. Nf3 Bg4 6.
h3 Bh5 7. g4 Bg6 8. Bd2 c6 9. Ne4 Qc7 10. Nxf6+ exf6 11. Qe2+ Qe7 12. Qxe7+
Bxe7 13. O-O-O Nd7 14. Re1 Kd8 15. Nh4 Bd6 16. f4 h6 17. Nxg6 fxg6 18. Bd3 g5
19. f5 Kc7 1/2-1/2

[Event "26e tournoi 1hKO"]
[Site "Montigny le Bretonneux"]
[Date "2024.05.12"]
[Round "9.4"]
[White "Chevrier, Denis"]
[Black "El Yaalaoui, Adam"]
[Result "1-0"]
[WhiteElo "1738"]
[BlackElo "1558"]
[Annotator "Rivier,Sylvain"]
[PlyCount "91"]
[EventDate "2024.??.??"]
[WhiteTeam "Club d'Echecs de l'Arpajonnais"]
[BlackTeam "Club d'Echecs de Guyancourt"]

{Ouverture anglaise} 1. c4 e5 2. Nc3 Nf6 3. g3 d5 4. cxd5 Nxd5 5. Bg2 Be6 6. e3
Nc6 7. a3 a6 8. Nge2 Bc5 9. O-O Qd7 10. d4 exd4 11. exd4 Ba7 12. Na4 O-O 13.
Nc5 Bxc5 14. dxc5 Nce7 15. Nf4 Nxf4 16. Bxf4 Nd5 17. Qc1 Nxf4 18. Qxf4 c6 19.
Rfd1 Qe7 20. b4 Rad8 21. Rd4 Rxd4 22. Qxd4 Rd8 23. Qe3 Qf6 24. Re1 Qd4 25. Qxd4
Rxd4 26. Bh3 Rd3 27. Bxe6 fxe6 28. Rxe6 Kf7 29. Re3 Rd4 30. Kg2 a5 31. bxa5 Ra4
32. Rb3 Rxa5 33. Rxb7+ Kf6 34. Rb6 Rxc5 35. a4 Ke5 36. h4 Kd6 37. Rb7 Ra5 38.
Rxg7 c5 39. Kf3 Rxa4 40. Rxh7 Rd4 41. Ke3 Rd1 42. Rh8 Kc6 43. h5 c4 44. h6 Kc7
45. h7 Rd7 46. Ra8 1-0

[Event "26e tournoi 1hKO"]
[Site "Montigny le Bretonneux"]
[Date "2024.05.12"]
[Round "9.5"]
[White "Forissier, Nicolas"]
[Black "Couradin, Jean-Marie"]
[Result "1/2-1/2"]
[WhiteElo "1931"]
[BlackElo "1679"]
[Annotator "Rivier,Sylvain"]
[PlyCount "56"]
[EventDate "2024.??.??"]
[WhiteTeam "La Dame Noire"]
[BlackTeam "La Dame Noire"]

1. d4 d5 2. c4 c6 3. Nc3 Nf6 4. e3 a6 5. Nf3 Bf5 6. Qb3 Qc7 7. cxd5 cxd5 8.
Nxd5 Nxd5 9. Qxd5 e6 10. Qb3 Nc6 11. Bd2 Bd6 12. Bd3 Bxd3 13. Qxd3 Rc8 14. O-O
Qe7 15. Rac1 O-O 16. e4 h6 17. a3 Rfd8 18. Bc3 Bc7 19. Rc2 Qe8 20. Re1 Ne7 21.
h3 Ng6 22. Nh2 Nf4 23. Qf3 Qb5 24. g3 Nxh3+ 25. Kg2 Ng5 26. Qe3 Bb6 27. Ng4 f6
28. Rh1 e5 {suite illisible} 1/2-1/2